Word Ladder: Santa's Guide Quiz Stats

 Plays Quiz Updated Dec 4, 2012

     
Support Sporcle.
Go Orange.
Score 0/36 Timer 03:00
0 Plays Today
HINT WORD % Correct
☼ ____ 70's SHOW ☼☼ THAT ☼
90.6%
Used a horse or a bicycleRODE
83.8%
Fireside talkCHAT
82.3%
Skin ductPORE
80.7%
Not anyNONE
80.3%
Chow ____ noodlesMEIN
80.2%
Sit for a portraitPOSE
80.1%
☼ BUCKS, DOES, AND FAWNS ☼☼ DEER ☼
76.5%
Like the GrinchMEAN
76.3%
Oliver Twist's bold requestMORE
75.8%
LeaseRENT
75.2%
Nevada townRENO
74.4%
☼ UNCIVIL ☼☼ RUDE ☼
74.1%
☼ DURANTE OR STREEP FEATURE ☼☼ NOSE ☼
73.9%
Land titleDEED
73.1%
Oboe partREED
73%
☼ BRIDLE STRAP ☼☼ REIN ☼
69.7%
Davy Crockett's cap skinCOON
69.1%
HINT WORD % Correct
Pup, or circus ____TENT
68.8%
Milk nozzleTEAT
67.6%
Descartes or RussoRENE
67.4%
Poetic daybreakMORN
66%
Eagle's coach Andy ____REID
65.4%
Second attemptREDO
65.2%
Actor's plumROLE
62.2%
Black Snake ____MOAN
60.3%
Santa wears a red oneCOAT
60%
Hawaiian honkerNENE
59%
Tear asunderREND
56.6%
☼ ACTOR FOXX ☼☼ REDD ☼
55.2%
Pineapple purveyorDOLE
54.7%
Pond dabblerCOOT
48.2%
Silly blunderGOOF
40.8%
Popeye's pal, Alice the ____GOON
38.9%
Linkster's gameGOLF
38.6%
☼ REAL ESTATE AUTHOR DE ROOS ☼☼ DOLF ☼
34.7%

Today's Daily Dose

Get the Picture
Alien TV Shows

From the Vault

Click the Simple Machines

by mhershfield

Science 60s
It doesn't get more simple than this.
Remove Ads.
Support Sporcle.
Get the best of Sporcle when you Go Orange. This ad-free experience offers more features, more stats, and more fun while also helping to support Sporcle. Thank you for becoming a member.

Show Comments

Extras

Top Quizzes Today


Score Distribution

Your Account Isn't Verified!

In order to create a playlist on Sporcle, you need to verify the email address you used during registration. Go to your Sporcle Settings to finish the process.

Report this User

Report this user for behavior that violates our Community Guidelines.

Details: